Dios me ensena como vivir : (Record no. 29456)
[ view plain ]
| 000 -LEADER | |
|---|---|
| fixed length control field | 01647nam a22003135 4500 |
| 001 - CONTROL NUMBER | |
| control field | sjdsz9hypl b1295680 |
| 003 - CONTROL NUMBER IDENTIFIER | |
| control field | sjds |
| 005 - DATE AND TIME OF LATEST TRANSACTION | |
| control field | 20240423201112.0 |
| 008 - FIXED-LENGTH DATA ELEMENTS--GENERAL INFORMATION | |
| fixed length control field | 130417 spa |
| 020 ## - INTERNATIONAL STANDARD BOOK NUMBER | |
| International Standard Book Number | 9780825419324 |
| 020 ## - INTERNATIONAL STANDARD BOOK NUMBER | |
| International Standard Book Number | 0825419328 : PAP |
| 040 ## - CATALOGING SOURCE | |
| Transcribing agency | sjds |
| 041 ## - LANGUAGE CODE | |
| Language code of text/sound track or separate title | spa |
| 050 ## - LIBRARY OF CONGRESS CALL NUMBER | |
| Classification number | BR |
| 092 ## - LOCALLY ASSIGNED DEWEY CALL NUMBER (OCLC) | |
| Classification number | J |
| Item number | SPANISH 241 M |
| 100 ## - MAIN ENTRY--PERSONAL NAME | |
| Personal name | Mackall, Dandi Daley. |
| 245 00 - TITLE STATEMENT | |
| Title | Dios me ensena como vivir : |
| Remainder of title | con los diez mandamientos a seguir / |
| Statement of responsibility, etc. | written by Dandi Daley Mackall ; pictures by Claudine Gevry.. |
| 246 1# - VARYING FORM OF TITLE | |
| Display text | Spanish translation of: |
| Title proper/short title | God shows the way. |
| 260 ## - PUBLICATION, DISTRIBUTION, ETC. (IMPRINT) | |
| Place of publication, distribution, etc. | [Grand Rapids, Mich.] : |
| Name of publisher, distributor, etc. | Editorial Portavoz, |
| Date of publication, distribution, etc. | 2012. |
| 300 ## - PHYSICAL DESCRIPTION | |
| Extent | 1 v. (unpaged) : |
| Other physical details | col. ill. ; |
| Dimensions | 27 cm. |
| 490 ## - SERIES STATEMENT | |
| Series statement | Mis versiculos favoritos. |
| 500 ## - GENERAL NOTE | |
| General note | Translation of :With ten rules to obey, God shows the way. |
| 520 ## - SUMMARY, ETC. | |
| Summary, etc. | This engaging title joyfully presents the message of the Ten Commandments from Exodus 20 to young children. Each commandment is portrayed with lively, colorful illustrations of familiar childhood experiences. The easy-to-understand rhyming text tells the story of how children can learn and obey the Ten Commandments. |
| 520 ## - SUMMARY, ETC. | |
| Summary, etc. | Este atractivo titulo presenta el mensaje de los Diez Mandamientos de Exodo 20 a los ninos pequenos. Se explica cada mandamiento con ilustraciones coloridas de experiencias vividas en la infancia. El texto, facil de entender, cuenta la historia de como los ninos pueden aprender y obedecer los Diez Mandamientos. |
| 650 #1 - SUBJECT ADDED ENTRY--TOPICAL TERM | |
| Topical term or geographic name as entry element | Bible stories |
| Form subdivision | Juvenile literature. |
| 650 #1 - SUBJECT ADDED ENTRY--TOPICAL TERM | |
| Topical term or geographic name as entry element | Ten commandments |
| Form subdivision | Juvenile literature. |
| 700 1# - ADDED ENTRY--PERSONAL NAME | |
| Personal name | Gevry, Claudine. |
| 942 ## - ADDED ENTRY ELEMENTS (KOHA) | |
| Koha item type | Libro/Book |
| Withdrawn status | Lost status | Damaged status | Not for loan | Home library | Current library | Date acquired | Total Checkouts | Barcode | Checked out | Date last seen | Date checked out | Price effective from | Koha item type |
|---|---|---|---|---|---|---|---|---|---|---|---|---|---|
| San Juan Del Sur -- Mobile | Ostional | 18/04/2024 | 1 | 33016199 | 06/06/2024 | 02/05/2024 | 02/05/2024 | 18/04/2024 | Libro/Book |